Les pays d'Europe-Mort subite - Statistiques

Statistiques générales
  • Ce quiz a été pris 500 fois
    200 depuis la dernière actualisation
  • Le résultat moyen est 16 sur 17
Answers on the Grid
Answers color-coded by a green-red scale on the quiz's grid according to % correct below.
Japon
Croatie
Lesotho
Pologne
Serbie
Bolivie
Afrique du Sud
Australie
Canada
Chine
Guyana
Inde
Namibie
Nicaragua
Niger
Oman
Chypre
Allemagne
Espagne
Finlande
Grèce
Hongrie
Islande
Malte
Pays-Bas
Roumanie
Russie
Slovaquie
Suisse
Ukraine
 
Statistiques - réponses
Réponse % Correct
Finlande
97%
Croatie
96%
Espagne
96%
Hongrie
96%
Islande
96%
Pays-Bas
96%
Roumanie
96%
Suisse
96%
Allemagne
95%
Grèce
95%
Pologne
95%
Serbie
95%
Slovaquie
95%
Malte
94%
Ukraine
94%
Russie
93%
Chypre
91%
Aucun quiz correspondant
Distribution des résultats
% des personnes avec chaque résultat
Percentile par nombre de réponses
Votre historique - résultats
Vous n’avez pas pris ce quiz depuis la dernière actualisation